| 000 | 00819nas a2200289 4500 | ||
|---|---|---|---|
| 001 | BR7600144 | ||
| 003 | BR-BrBNA | ||
| 005 | 20231205082850.0 | ||
| 007 | ta | ||
| 008 | 230509b bl.|||p| |||| 00| 00por d | ||
| 040 |
_aBR-BrBNA _bpor _cBiblioteca Nacional de Agricultura |
||
| 041 | _a(Pt) | ||
| 072 | _aQ10 | ||
| 100 | 1 | _aOgawa, M. | |
| 100 | 1 | _aNunes, M.L. | |
| 100 | 1 | _aMaia, E.L. | |
| 100 | 1 | _aNobrega, J.W.M. da | |
| 100 | 1 | _aMeneses, A.C. de S. | |
| 245 | 1 | _aConservacao de lagostas inteiras Panulirus white | |
| 650 | _aTECNOLOGIA DE ALIMENTO | ||
| 650 | _aLAGOSTA | ||
| 650 | _aLAGOSTIM | ||
| 650 | _aCONSERVACAO | ||
| 773 | 0 |
_tArquivos de Ciencias do Mar (Brazil) _xISSN 0044-8854 _g(Jun 1975), v. 15(1) p. 59-65 _wBR7600144 |
|
| 909 |
_a202311 _bLúcia _c55 _dLúcia Elande |
||
| 942 |
_2AGRIS _n0 _cANA |
||
| 999 |
_c94721 _d94721 |
||